Normal view MARC view
  • Architectural drawing

Entry Topical Term

Number of records used in: 1

001 - CONTROL NUMBER

  • control field: 121020

003 - CONTROL NUMBER IDENTIFIER

  • control field: NUST

005 - DATE AND TIME OF LATEST TRANSACTION

  • control field: 20240221110713.0

008 - FIXED-LENGTH DATA ELEMENTS

  • fixed length control field: 240221|| aca||aabn | a|a d

040 ## - CATALOGING SOURCE

  • Original cataloging agency: NUST
  • Transcribing agency: NUST

150 ## - HEADING--TOPICAL TERM

  • Topical term or geographic name entry element: Architectural drawing
  • General subdivision: Themes, motives

670 ## - SOURCE DATA FOUND

  • Source citation: Work cat.: (NUST): Moses, Nalina, author. 121019, Single-handedly :, 2019.
© 2023 Central Library, National University of Sciences and Technology. All Rights Reserved.